000 00489nam a22001817a 4500
999 _c6327
_d6325
005 20210825155700.0
008 200520b xxu||||| |||| 00| 0 eng d
020 _a9789374755140
041 _aeng
082 _a574.03
100 _aSHARMA.Dr. D.C
_96651
245 _aPocket Dictionary of Biochemistry for Medical ,dental, paramedical life science student
250 _a1'st
260 _aDelhi
_bAITBS PUBLISHERS
_c2017
300 _a215, V
650 _aPharmacy
_96652
942 _cBK